000
00219nam a2200109Ia 4500
999
_c
7875
_d
7875
020
_a
978-0201633610
100
_a
Gamma, Helm
245
0
_a
Design Patterns
260
_a
USA
_b
Addison
_c
2000
300
_a
395
942
_c
BK